| 000 | 00814nam a2200241 a 4500 | ||
|---|---|---|---|
| 001 | BRCA_7657 | ||
| 005 | 20190320205930.0 | ||
| 008 | 260713s1947----sp-a######---#000-0#spa-# | ||
| 041 | _aspa | ||
| 044 | _asp | ||
| 050 | 4 |
_aDP42 _b.P66 1947 |
|
| 100 | 1 |
_aPonz, Antonio _918886 |
|
| 245 | 1 | 0 |
_aViaje de España _bseguido de los dos tomos del viaje fuera de España _cAntonio Ponz ; preparación, introducción e índices adicionales de Casto María del Rivero. |
| 260 |
_aMadrid _bAguilar _c1947 |
||
| 300 |
_a2039 p. _bil., mapas, retratos _c18 cm. |
||
| 500 | _aCopia de la edición original de 1778 | ||
| 500 | _aT74 | ||
| 651 | 4 |
_aEspaña _xDescripción y viajes _97912 |
|
| 651 | 4 |
_aEuropa _xDescripción y viajes _94974 |
|
| 700 | 1 |
_aRivero, Casto María de _eintr. _918887 |
|
| 902 | _aGFM | ||
| 942 |
_2lcc _cB |
||
| 999 |
_c7331 _d7331 |
||